Материалы по ревизии директором Департамента народного просвещения Н.М. Аничковым Калужской гимназии: письмо Аничкова министру н...

Доступно только в Электронных читальных залах Найти на картеНа карте
RUSMARC
00003685nmc2a22002413x 450
001c4e31498-f03b-4d51-a81e-8cc40a85a559
00520230831224059.0
100##$a20221222l18921892k l0rusy0189 ca
1010#$arus
102##$aRU
105##$ay###
1222#$ad
2001#$aМатериалы по ревизии директором Департамента народного просвещения Н.М. Аничковым Калужской гимназии: письмо Аничкова министру народного просвещения, рапорты о состоянии пансиона при гимназии, письменные работы гимназистов
$j1892 г.
215##$a315 л.
$d36,5х26 см
251##$cДело
300##$aДело
371##$aДокумент не является опубликованным и широко распространяемым
461#0$1001a74412a3-3cc5-4d21-8f0a-dfe2fbd9e72d
$12001
$aДепартамент народного просвещения Министерства народного просвещения (1803-1917)
$1251
$cФонд
$1852
$j733
462#0$1001eee5cd01-9790-469a-9945-6bffddbc7761
$12001
$aРазряд общих дел
$1251
$cОпись
$1852
$j228
801#0$aRU
$bРГИА
$c20221222
$gRCR
801#1$aRU
$bГлавНИВЦ
$c20221222
$2rusmarc
801#2$aRU
$bПБ им. Б.Н. Ельцина
$c20230831
$gRCR
$2rusmarc
850##$aРГИА
852##$aРГИА
$eФедеральное казенное учреждение "Российский государственный исторический архив" (РГИА)
$j36
937##$hРГИА
$d12396467
$aASBIBLIO_SCAN
035##$aRusGRCC00059105
856##$uhttp://readingroom.main.prlib.ru/item.aspx?id_node=n187305422&mode=full
Формат отображения